000 00675nam a22002057a 4500
005 20221230113637.0
008 221230b |||||||| |||| 00| 0 eng d
020 _a9781446295816
040 _aKMU
_cKMU
050 _aG 70.21z Gis 2014
245 _aThe SAGE handbook of GIS and Society /
_cedited by Timothy L. Nyerges, Helen Couclelis and Robert McMaster
260 _aLondon ;
_bSAGE ,
_c2014 .
300 _axvi, 559pages :
_bIllustration ;
_c24 cm.
500 _aIncludes an index
650 _2Oclc
_aSociology-Data processing
700 _aNyerges, Timothy L.
_eEditor
700 _aCouclelis, Helen
_eeditor
700 _aMcMaster, Robert
_eeditor.
942 _2lcc
_cBK
_n0
999 _c41
_d41